[Event "36th World U20 ch"]
[Site "Zagan POL"]
[Date "1997.07.26"]
[Round "12"]
[White "Antoniewski, Rafal"]
[Black "Dao Thien Hai"]
[Result "0-1"]
[WhiteElo "2405"]
[BlackElo "2525"]
[EventDate "1997.07.14"]
[PlyCount "120"]

1.e4 c5 2.Nf3 d6 3.d4 cxd4 4.Nxd4 Nf6 5.Nc3 a6 6.Be3 e5 7.Nb3 Be7 8.f3 O-O
9.Qd2 a5 10.Bb5 Be6 11.O-O-O Nc6 12.Kb1 Qb8 13.Nd5 Bxd5 14.exd5 Nb4 15.c4 
b6 16.a3 Na6 17.Rc1 Bd8 18.g4 Qc8 19.h3 Nd7 20.Bc6 Rb8 21.f4 Bf6 22.Rhf1 
Nac5 23.Nxc5 Nxc5 24.Qc2 exf4 25.Bxf4 Qc7 26.Rce1 Be5 27.Bxe5 dxe5 28.b4 
axb4 29.axb4 Nb7 30.Kb2 Nd6 31.Kb3 f6 32.Qd3 Rf7 33.Ra1 Rbf8 34.c5 bxc5 
35.bxc5 Nb7 36.Qc3 e4 37.Kc4 Rc8 38.Rf2 Re7 39.Re2 Re5 40.Kb3 Qe7 41.Rc1 
Rb8 42.Ka2 Nd8 43.Ba4 Nf7 44.Qc4 Ra8 45.Kb2 Qa7 46.Bb3 Qa3+ 47.Kc2 Kh8 48.
Qc3 h5 49.Kd1 Rb8 50.Re3 Qa7 51.Qd4 Ng5 52.Qc4 Rd8 53.Qc3 Ne6 54.Rc2 Nf4 
55.d6 Nd3 56.Rxe4 Rxe4 57.Qxd3 Qa1+ 58.Rc1 Qe5 59.Qc3 Qh2 60.Qd2 Qg1+ 0-1

[Event "36th World U20 ch"]
[Site "Zagan POL"]
[Date "1997.07.26"]
[Round "12"]
[White "Krakops, Maris"]
[Black "Zulfugarli, Mahomed"]
[Result "1-0"]
[WhiteElo "2530"]
[BlackElo "2385"]
[EventDate "1997.07.14"]
[PlyCount "95"]

1.e4 e5 2.Nf3 Nc6 3.Bb5 a6 4.Ba4 Nf6 5.O-O Be7 6.Re1 b5 7.Bb3 d6 8.c3 O-O 
9.h3 h6 10.d4 Re8 11.Nbd2 Bf8 12.a4 Bd7 13.Bc2 exd4 14.Nxd4 Ne5 15.Nf1 Ng6
16.Ng3 c5 17.Nde2 bxa4 18.Nf4 Nxf4 19.Bxf4 Qb6 20.Qd3 c4 21.Qd2 Bc6 22.Kh1
Rad8 23.f3 d5 24.e5 Nd7 25.Nf5 Nc5 26.Qf2 Bd7 27.Nd6 Re6 28.Rad1 Qc6 29.
Nf5 Ree8 30.Nd4 Qb6 31.Bb1 Ne6 32.Be3 Rb8 33.Nxe6 Qxe6 34.Bd4 Rb7 35.f4 
Reb8 36.f5 Qc6 37.e6 fxe6 38.fxe6 Bxe6 39.Qc2 Rxb2 40.Qh7+ Kf7 41.Qg6+ Kg8
42.Bf5 Bd7 43.Re6 Bxe6 44.Bxe6+ Qxe6 45.Qxe6+ Kh7 46.Qf5+ Kh8 47.Rf1 a3 
48.Qg6 1-0

[Event "36th World U20 ch"]
[Site "Zagan POL"]
[Date "1997.07.26"]
[Round "12"]
[White "Rowson, Jonathan"]
[Black "Delemarre, Jop"]
[Result "1-0"]
[WhiteElo "2490"]
[BlackElo "2395"]
[EventDate "1997.07.14"]
[PlyCount "59"]

1.e4 c6 2.d4 d5 3.e5 Bf5 4.Nf3 e6 5.a3 Nd7 6.Nbd2 Bg6 7.Be2 Nh6 8.O-O Be7 
9.b4 a5 10.b5 a4 11.c4 dxc4 12.bxc6 bxc6 13.Nxc4 Nb6 14.Bxh6 gxh6 15.Nxb6 
Qxb6 16.Qd2 O-O 17.Qxh6 Qb2 18.Bc4 Rfb8 19.h4 Qc2 20.Rac1 Qf5 21.Rc3 Rb6 
22.Bd3 Qh5 23.Qc1 Rb3 24.Bxg6 hxg6 25.Rxb3 axb3 26.Qxc6 Rxa3 27.Qe8+ Bf8 
28.Ng5 Ra7 29.Qb8 Rd7 30.Ne4 1-0

[Event "36th World U20 ch"]
[Site "Zagan POL"]
[Date "1997.07.26"]
[Round "12"]
[White "Florean, Andrei"]
[Black "Balogh, Tomas"]
[Result "1/2-1/2"]
[WhiteElo "2445"]
[BlackElo "2390"]
[EventDate "1997.07.14"]
[PlyCount "26"]

1.Nf3 Nf6 2.g3 g6 3.Bg2 Bg7 4.O-O O-O 5.d3 d5 6.c3 c5 7.Nbd2 Nc6 8.e4 e5 
9.Re1 h6 10.exd5 Nxd5 11.Nc4 Re8 12.a4 Nb6 13.Nxb6 axb6 1/2-1/2

[Event "36th World U20 ch"]
[Site "Zagan POL"]
[Date "1997.07.26"]
[Round "12"]
[White "Bagheri, Amir"]
[Black "Van den Doel, Erik"]
[Result "1/2-1/2"]
[WhiteElo "2300"]
[BlackElo "2440"]
[EventDate "1997.07.14"]
[PlyCount "106"]

1.d4 Nf6 2.Nf3 g6 3.Bg5 Bg7 4.Nbd2 O-O 5.e4 d5 6.e5 Ne4 7.Be3 c5 8.c3 Qb6 
9.Qb3 Qxb3 10.Nxb3 cxd4 11.Nbxd4 Nd7 12.Nb5 Nxe5 13.Nc7 Bf5 14.Nxa8 Rxa8 
15.Nxe5 Bxe5 16.Rd1 Nf6 17.Bd4 Bxd4 18.Rxd4 Bb1 19.a4 a5 20.f3 Ba2 21.Kf2 
Rc8 22.Bb5 Kf8 23.Re1 Bb3 24.Rd2 e6 25.Ra1 b6 26.Ra3 Bc4 27.Bxc4 Rxc4 28.
Rd4 Rc6 29.b4 Nd7 30.bxa5 bxa5 31.c4 Nb6 32.cxd5 Nxd5 33.Rb3 Rc2+ 34.Kg3 
g5 35.Rg4 h6 36.h4 Nf6 37.Rd4 Kg7 38.hxg5 hxg5 39.Kh3 Kg6 40.g3 g4+ 41.
fxg4 Nh7 42.Rb5 Ng5+ 43.Rxg5+ Kxg5 44.Rd7 Rc4 45.Rxf7 Rxa4 46.Rg7+ Kf6 47.
Rg8 e5 48.g5+ Kf7 49.Rb8 Rb4 50.Ra8 a4 51.Kg2 e4 52.Kf2 Kg6 53.Ra5 a3 
1/2-1/2

[Event "36th World U20 ch"]
[Site "Zagan POL"]
[Date "1997.07.26"]
[Round "12"]
[White "Savic, Miodrag"]
[Black "Bates, Richard"]
[Result "1-0"]
[WhiteElo "2430"]
[BlackElo "2345"]
[EventDate "1997.07.14"]
[PlyCount "73"]

1.e4 c5 2.c3 e6 3.d4 d5 4.e5 Nc6 5.Nf3 Bd7 6.Be2 Nge7 7.O-O Ng6 8.Re1 Be7 
9.g3 O-O 10.h4 f6 11.h5 Nh8 12.Bf4 Be8 13.exf6 Bxf6 14.Ne5 cxd4 15.cxd4 
Qb6 16.Bg4 Nxd4 17.Nc3 Nf7 18.Qd3 Nxe5 19.Bxe5 Bxe5 20.Rxe5 Bd7 21.Rd1 Nc6
22.Re2 Rf7 23.Kg2 d4 24.Qc4 Ne5 25.Rxe5 dxc3 26.Rxd7 Qxf2+ 27.Kh3 Rxd7 28.
Qxe6+ Qf7 29.Qxd7 Qf1+ 30.Kh4 Rf8 31.Qd5+ Kh8 32.Rf5 Rxf5 33.Bxf5 g5+ 34.
hxg6 hxg6 35.Qe5+ Kh7 36.Qe7+ Kg8 37.Qe8+ 1-0

[Event "36th World U20 ch"]
[Site "Zagan POL"]
[Date "1997.07.26"]
[Round "12"]
[White "Ibraev, Nurlan"]
[Black "Vajda, Levente"]
[Result "0-1"]
[WhiteElo "2320"]
[BlackElo "2445"]
[EventDate "1997.07.14"]
[PlyCount "79"]

1.e4 e5 2.Nf3 Nc6 3.Bb5 a6 4.Ba4 Nf6 5.O-O Be7 6.Re1 b5 7.Bb3 O-O 8.h3 Bb7
9.d3 d6 10.c3 Na5 11.Bc2 c5 12.Nbd2 Re8 13.Nf1 Bf8 14.Ng3 d5 15.exd5 Qxd5 
16.Bg5 Nd7 17.a3 h6 18.Be3 Nf6 19.b4 cxb4 20.axb4 Nc6 21.Bb3 Qd7 22.Ne4 
Nd5 23.Bxh6 Nxc3 24.Nxc3 gxh6 25.Nd5 Qd8 26.Re4 Kh8 27.Qe1 Bg7 28.Qe3 Ne7 
29.Nxe7 Bxe4 30.Qxe4 Qxe7 31.Nh4 Bf8 32.Bd5 Ra7 33.g3 Rd8 34.Nf5 Qf6 35.
Ne3 Qg6 36.Qf3 f5 37.g4 Rad7 38.Bb7 e4 39.dxe4 fxg4 40.Nxg4 0-1

[Event "36th World U20 ch"]
[Site "Zagan POL"]
[Date "1997.07.26"]
[Round "12"]
[White "Podkriznik, Gregor"]
[Black "Gershon, Alik"]
[Result "1-0"]
[WhiteElo "2295"]
[BlackElo "2420"]
[EventDate "1997.07.14"]
[PlyCount "77"]

1.e4 c5 2.Nf3 d6 3.d4 Nf6 4.Nc3 cxd4 5.Nxd4 Nc6 6.Be2 e5 7.Nf3 h6 8.O-O 
Be7 9.Re1 O-O 10.Bf1 Bg4 11.h3 Bh5 12.Be2 Bg6 13.Bc4 Rc8 14.Nh2 Nd4 15.Bd3
Kh8 16.Be3 Ne6 17.Ng4 Nc5 18.Bxc5 Rxc5 19.Nxf6 Bxf6 20.Nd5 Bg5 21.Qe2 f5 
22.exf5 Bxf5 23.Bxf5 Rxf5 24.Rad1 Qc8 25.c3 Qe6 26.Qe4 Qf7 27.Re2 b5 28.g4
Rf6 29.Nxf6 Qxf6 30.Rd5 Rc4 31.Qf5 Qe7 32.Rxb5 Qe8 33.Rb4 Rxb4 34.cxb4 g6 
35.Qe4 Qf7 36.Rc2 Kg7 37.Qa8 e4 38.Qxe4 Bd8 39.a4 1-0

[Event "36th World U20 ch"]
[Site "Zagan POL"]
[Date "1997.07.26"]
[Round "12"]
[White "Fontaine, Robert"]
[Black "Kelly, Brian"]
[Result "1-0"]
[WhiteElo "2395"]
[BlackElo "2390"]
[EventDate "1997.07.14"]
[PlyCount "107"]

1.e4 c5 2.Nf3 e6 3.Nc3 d6 4.d4 cxd4 5.Nxd4 a6 6.g4 Nc6 7.Be3 Nge7 8.Nb3 b5
9.Qe2 Ne5 10.Nd2 b4 11.Na4 Bd7 12.b3 Bb5 13.Qd1 d5 14.f4 Nd7 15.Bg2 dxe4 
16.Bxe4 Nd5 17.Bxd5 exd5 18.Nf3 Rc8 19.Qxd5 Rxc2 20.Qe4+ Qe7 21.Qa8+ Qd8 
22.Qe4+ Qe7 23.Qa8+ Qd8 24.Qxd8+ Kxd8 25.Nd4 Rg2 26.Nxb5 axb5 27.Nb6 Bc5 
28.Bxc5 Nxc5 29.O-O-O+ Kc7 30.Nd5+ Kb8 31.Nxb4 Rc8 32.Kb1 Rxg4 33.Rd6 Ne4 
34.Rd7 Rxf4 35.Na6+ Ka8 36.Nc7+ Kb7 37.Rc1 Nf6 38.Rxf7 Kb6 39.Rxf6+ Rxf6 
40.Nd5+ Kb7 41.Rxc8 Kxc8 42.Nxf6 gxf6 43.a3 Kc7 44.Kc2 Kc6 45.Kd3 Kd5 46.
Ke3 Ke5 47.h4 h5 48.a4 bxa4 49.bxa4 Kd5 50.Kf4 Kc5 51.Kf5 Kb4 52.Kxf6 Kxa4
53.Kg5 Kb5 54.Kxh5 1-0

[Event "36th World U20 ch"]
[Site "Zagan POL"]
[Date "1997.07.26"]
[Round "12"]
[White "Schneider, Stefan"]
[Black "Jirovsky, Petr"]
[Result "0-1"]
[WhiteElo "2305"]
[BlackElo "2395"]
[EventDate "1997.07.14"]
[PlyCount "100"]

1.d4 Nf6 2.Nf3 g6 3.c4 Bg7 4.Nc3 O-O 5.Bg5 d6 6.e3 c5 7.Be2 Nc6 8.d5 Ne5 
9.Nxe5 dxe5 10.O-O Ne8 11.e4 Nd6 12.Rb1 a5 13.Be3 b6 14.Bd3 e6 15.a3 exd5 
16.Nxd5 Be6 17.b4 axb4 18.axb4 Bxd5 19.exd5 Qc7 20.Qc2 f5 21.f4 e4 22.Be2 
Ra3 23.bxc5 bxc5 24.Rb3 Rfa8 25.Rxa3 Rxa3 26.Bc1 Bd4+ 27.Kh1 Ra6 28.Bd2 
Qa7 29.Rb1 Ra2 30.Qd1 Kg7 31.Be1 Qa3 32.Rb3 Qa4 33.h4 Ra1 34.Rb1 Qxd1 35.
Rxd1 Rxd1 36.Bxd1 Nxc4 37.Bb3 Nd6 38.Ba5 c4 39.Bc2 Kf7 40.Bb4 Nb7 41.g3 
Nc5 42.Bxc5 Bxc5 43.Kg2 Ke7 44.Kf1 Kd6 45.Ba4 Kxd5 46.Ke2 Kd4 47.h5 gxh5 
48.Bd7 c3 49.Bxf5 Ba3 50.Kd1 Kd3 0-1

[Event "36th World U20 ch"]
[Site "Zagan POL"]
[Date "1997.07.26"]
[Round "12"]
[White "Pereyra Arcija, Diego"]
[Black "Moreira Romero, Jairo"]
[Result "1-0"]
[WhiteElo "2460"]
[BlackElo "2200"]
[EventDate "1997.07.14"]
[PlyCount "93"]

1.d4 d6 2.Nf3 Bg4 3.c4 Nd7 4.d5 e5 5.dxe6 Bxe6 6.e4 Ngf6 7.Nc3 Nc5 8.Qc2 
a5 9.Nd4 g6 10.f3 Bg7 11.Be3 O-O 12.Be2 c6 13.O-O Qe7 14.Rad1 Nfd7 15.Qd2 
a4 16.Nxe6 Qxe6 17.Qxd6 Qxd6 18.Rxd6 a3 19.b4 Bxc3 20.bxc5 Nb8 21.Rb1 Bb2 
22.Rd3 Na6 23.Rb3 Rfd8 24.Kf2 Rd7 25.g4 Re8 26.Rd1 Rxd1 27.Bxd1 Re7 28.g5 
Kg7 29.Bc2 f6 30.gxf6+ Kxf6 31.f4 Rd7 32.Ke2 Ke6 33.Bd3 Bd4 34.Bxd4 Rxd4 
35.Rxa3 Nxc5 36.Ke3 Rd7 37.Be2 Re7 38.h4 Kf6 39.Bf3 Rd7 40.Be2 Re7 41.e5+ 
Kf5 42.Kf3 Re8 43.Ra5 Na6 44.Bd3+ Ke6 45.h5 Kf7 46.hxg6+ hxg6 47.Kg4 1-0

[Event "36th World U20 ch"]
[Site "Zagan POL"]
[Date "1997.07.26"]
[Round "12"]
[White "Carrasco Martinez, Juan Manuel"]
[Black "Malakhatko, Vadym"]
[Result "0-1"]
[WhiteElo "2280"]
[BlackElo "2445"]
[EventDate "1997.07.14"]
[PlyCount "78"]

1.d4 Nf6 2.Nf3 c5 3.d5 b5 4.Bg5 d6 5.Bxf6 exf6 6.e4 a6 7.a4 bxa4 8.Nc3 g6 
9.Nd2 Nd7 10.Rxa4 Bg7 11.Be2 O-O 12.O-O Nb6 13.Ra3 f5 14.exf5 Bxf5 15.Nc4 
Nxc4 16.Bxc4 Qb6 17.Rb3 Qc7 18.Qd2 Rfb8 19.Ra1 Rxb3 20.cxb3 Be5 21.Qe2 h5 
22.Nd1 Bg4 23.Qd2 a5 24.Ne3 Bd7 25.Qc2 Qd8 26.Bd3 Qg5 27.Nc4 Bh3 28.Be4 
Re8 29.Kh1 Bd7 30.g3 Qf6 31.Rxa5 Bd4 32.Ra1 Bg4 33.f4 Qe7 34.h3 Bxh3 35.
Nd2 h4 36.Kh2 Bg4 37.Bf3 Bf5 38.Qd1 hxg3+ 39.Kxg3 Qe3 0-1

[Event "36th World U20 ch"]
[Site "Zagan POL"]
[Date "1997.07.26"]
[Round "12"]
[White "De Wachter, Matthias"]
[Black "Goloschapov, Alexander"]
[Result "0-1"]
[WhiteElo "2175"]
[BlackElo "2400"]
[EventDate "1997.07.14"]
[PlyCount "78"]

1.e4 c5 2.Nc3 Nc6 3.g3 g6 4.Bg2 Bg7 5.d3 d6 6.f4 Rb8 7.Nf3 b5 8.a3 e6 9.
O-O Nge7 10.Be3 Nd4 11.Bf2 Nxf3+ 12.Qxf3 O-O 13.g4 f5 14.gxf5 exf5 15.Bh4 
Qd7 16.Rae1 Bb7 17.Qg3 Rbe8 18.e5 dxe5 19.fxe5 Bxg2 20.Qxg2 Bxe5 21.Rxe5 
Qd4+ 22.Kh1 Qxe5 23.Re1 Qd6 24.Nxb5 Qd7 25.Nc3 f4 26.Ne4 Nd5 27.Qf3 Qf5 
28.c4 Nc7 29.Rg1 Qe5 30.Rg5 Qxb2 31.Rxc5 Ne6 32.Ra5 Nd4 33.Qg4 Qb1+ 34.Kg2
f3+ 35.Kf2 Qc2+ 36.Kg1 Qd1+ 37.Kf2 Qe2+ 38.Kg1 Rxe4 39.dxe4 f2+ 0-1

[Event "36th World U20 ch"]
[Site "Zagan POL"]
[Date "1997.07.26"]
[Round "12"]
[White "Rezan, Sasa"]
[Black "Henni, Mohamed"]
[Result "0-1"]
[WhiteElo "2250"]
[BlackElo "2375"]
[EventDate "1997.07.14"]
[PlyCount "128"]

1.e4 c5 2.Nf3 d6 3.d4 cxd4 4.Nxd4 Nf6 5.Nc3 a6 6.Be3 e5 7.Nf3 Be7 8.Bc4 
O-O 9.O-O Qc7 10.Qe2 Nbd7 11.a4 Nc5 12.Nd2 Qc6 13.Nd5 Nxd5 14.Bxd5 Qc7 15.
Qc4 Bd8 16.b4 Nd7 17.a5 Nf6 18.Bb6 Qe7 19.Bxd8 Rxd8 20.Qd3 Be6 21.c4 Bxd5 
22.cxd5 Rac8 23.Nc4 Nd7 24.Rfc1 Kf8 25.Rc3 Rc7 26.Qh3 Rdc8 27.Qxh7 Nf6 28.
Qh8+ Ng8 29.Rg3 Qf6 30.Ne3 Rc1+ 31.Rxc1 Rxc1+ 32.Nf1 Rc4 33.Qh3 Qe7 34.Qg4
g6 35.h4 Nf6 36.Qg5 Nxe4 37.Qh6+ Ke8 38.Rf3 Nc3 39.g3 Nxd5 40.Rd3 Nxb4 41.
Rb3 Qe6 42.Rb1 Qf5 43.Nd2 Rd4 44.Rc1 Nc6 45.Nc4 Qh5 46.Qe3 Rd1+ 47.Kh2 Ke7
48.Rxd1 Qxd1 49.Qb6 Qf3 50.Qc7+ Kf8 51.Qxd6+ Kg8 52.Kg1 Qc3 53.Ne3 Qxa5 
54.h5 Qd8 55.Qa3 gxh5 56.Qa2 Qd7 57.Qe2 h4 58.Qh5 hxg3 59.Nf5 gxf2+ 60.
Kxf2 Qd2+ 61.Kg1 Qf4 62.Nh6+ Kg7 63.Nf5+ Kf6 64.Nd6 Qg5+ 0-1

[Event "36th World U20 ch"]
[Site "Zagan POL"]
[Date "1997.07.26"]
[Round "12"]
[White "Bratanov, Zsivko"]
[Black "Myc, Marcin"]
[Result "1-0"]
[WhiteElo "2355"]
[BlackElo "2350"]
[EventDate "1997.07.14"]
[PlyCount "65"]

1.e4 c5 2.Nf3 Nc6 3.d4 cxd4 4.Nxd4 Nf6 5.Nc3 e5 6.Ndb5 d6 7.Bg5 a6 8.Na3 
b5 9.Bxf6 gxf6 10.Nd5 Bg7 11.c3 Ne7 12.Nxe7 Qxe7 13.Nc2 f5 14.exf5 Bxf5 
15.Qf3 Bxc2 16.Qxa8+ Qd8 17.Qc6+ Qd7 18.Qxa6 O-O 19.Qxb5 Qa7 20.Qd5 Qb6 
21.Bd3 Qxb2 22.O-O Qxc3 23.Bxc2 Qxc2 24.a4 e4 25.Ra2 Qc5 26.Qxe4 d5 27.Qd3
Ra8 28.Rd1 d4 29.g3 Qb4 30.Rb1 Qc3 31.Rb3 Qe1+ 32.Kg2 Rc8 33.Qf5 1-0

[Event "36th World U20 ch"]
[Site "Zagan POL"]
[Date "1997.07.26"]
[Round "12"]
[White "Bircher, Roland"]
[Black "Vesterbak Pedersen, Nicolai"]
[Result "1/2-1/2"]
[WhiteElo "2185"]
[BlackElo "2300"]
[EventDate "1997.07.14"]
[PlyCount "40"]

1.d4 d5 2.Nf3 Nf6 3.e3 c5 4.b3 g6 5.Bb2 Bg7 6.Nbd2 Nbd7 7.Be2 O-O 8.O-O b6
9.Ne5 Nxe5 10.dxe5 Nd7 11.f4 Bb7 12.c4 Qc7 13.cxd5 Bxd5 14.Qc2 Rad8 15.Bd3
Nb8 16.e4 Bb7 17.Nf3 Nc6 18.a3 Rd7 19.Bc4 e6 20.f5 Re8 1/2-1/2

[Event "36th World U20 ch"]
[Site "Zagan POL"]
[Date "1997.07.26"]
[Round "12"]
[White "Pihlajasalo, Hannu"]
[Black "Blehm, Pawel"]
[Result "1/2-1/2"]
[WhiteElo "2185"]
[BlackElo "2400"]
[EventDate "1997.07.14"]
[PlyCount "75"]

1.d4 Nf6 2.c4 g6 3.Nc3 Bg7 4.e4 d6 5.f3 O-O 6.Be3 a6 7.Qd2 Nbd7 8.Nge2 c5 
9.dxc5 dxc5 10.Nf4 e6 11.Be2 Qc7 12.Rd1 b6 13.O-O Bb7 14.Nh3 Rfd8 15.Qc1 
Ne5 16.Bf4 Nh5 17.Bg5 Rxd1 18.Rxd1 Nc6 19.f4 Nd4 20.Bxh5 gxh5 21.Qe3 h6 
22.Bh4 Qc6 23.Nf2 b5 24.cxb5 axb5 25.Ne2 Nxe2+ 26.Qxe2 Rxa2 27.Qxh5 Rxb2 
28.Rd8+ Kh7 29.Qxf7 Rb1+ 30.Nd1 Rxd1+ 31.Rxd1 Qxe4 32.Rd2 Qe3+ 33.Rf2 Qe1+
34.Rf1 Qe4 35.Rf2 Qb1+ 36.Rf1 Qe4 37.Rf2 Qb1+ 38.Rf1 1/2-1/2

[Event "36th World U20 ch"]
[Site "Zagan POL"]
[Date "1997.07.26"]
[Round "12"]
[White "Ho, Andrew"]
[Black "Putka, Verners"]
[Result "1-0"]
[WhiteElo "2340"]
[BlackElo "2220"]
[EventDate "1997.07.14"]
[PlyCount "81"]

1.Nf3 Nf6 2.c4 e6 3.g3 c5 4.Bg2 Be7 5.O-O O-O 6.b3 d5 7.d3 Nc6 8.Bb2 Qb6 
9.Qc2 Rd8 10.Nc3 Bd7 11.Rad1 Nd4 12.Qb1 Nxf3+ 13.Bxf3 d4 14.Ne4 Nxe4 15.
Bxe4 Bc6 16.Bxc6 Qxc6 17.Qc2 f5 18.e4 fxe4 19.dxe4 e5 20.Qd3 Rd6 21.Bc1 
Re6 22.Bd2 Rf8 23.f3 Ref6 24.Kg2 h6 25.Rde1 g5 26.h3 a6 27.a4 Rb8 28.Ra1 
Rg6 29.g4 b6 30.Rh1 Rg7 31.Ra2 Qe6 32.Be1 Bd8 33.Bg3 Rgb7 34.Rha1 b5 35.
axb5 axb5 36.Ra6 bxc4 37.Qxd4 cxd4 38.Rxe6 Rxb3 39.Bxe5 Rc8 40.Ra7 Bc7 41.
Bxc7 1-0

[Event "36th World U20 ch"]
[Site "Zagan POL"]
[Date "1997.07.27"]
[Round "13.2"]
[White "Mirumian, Vigen"]
[Black "Banikas, Hristos"]
[Result "1-0"]
[WhiteElo "2490"]
[BlackElo "2450"]
[EventDate "1997.07.14"]
[PlyCount "93"]

1.Nf3 Nf6 2.g3 g6 3.Bg2 Bg7 4.O-O O-O 5.d3 d6 6.c4 e5 7.Nc3 Nc6 8.Rb1 a5 
9.a3 Re8 10.Bg5 h6 11.Bxf6 Bxf6 12.b4 axb4 13.axb4 Bg7 14.b5 Ne7 15.Qc2 f5
16.Nd2 g5 17.Nd5 Rb8 18.c5 Kh7 19.Rfc1 Nxd5 20.Bxd5 Be6 21.cxd6 cxd6 22.
Qb3 Qd7 23.b6 Bxd5 24.Qxd5 Qe6 25.Qxe6 Rxe6 26.e4 Kg6 27.Rc7 Bf6 28.Nc4 f4
29.Ra1 g4 30.Ra7 Rd8 31.Ra5 Re7 32.Rd5 Rxc7 33.bxc7 Rc8 34.Rxd6 Rxc7 35.
Nxe5+ Kg5 36.h4+ gxh3 37.Nf3+ Kg4 38.Nh2+ Kh5 39.Rxf6 Rc1+ 40.Nf1 h2+ 41.
Kxh2 Rxf1 42.Rxf4 Kg6 43.Rf5 Rb1 44.g4 b5 45.Kg3 b4 46.Kf4 b3 47.Rb5 1-0

[Event "36th World U20 ch"]
[Site "Zagan POL"]
[Date "1997.07.27"]
[Round "13.3"]
[White "Macieja, Bartlomiej"]
[Black "Kasimdzhanov, Rustam"]
[Result "1/2-1/2"]
[WhiteElo "2470"]
[BlackElo "2545"]
[EventDate "1997.07.14"]
[PlyCount "115"]

1.e4 c5 2.Nf3 d6 3.d4 cxd4 4.Nxd4 Nf6 5.Nc3 Nc6 6.Bc4 e6 7.Be3 a6 8.Qe2 
Be7 9.Bb3 Qc7 10.O-O-O Na5 11.g4 b5 12.g5 Nxb3+ 13.axb3 Nd7 14.Nf5 exf5 
15.Nd5 Qd8 16.exf5 Bb7 17.f6 gxf6 18.Rhe1 Bxd5 19.Rxd5 Rg8 20.gxf6 Nxf6 
21.Rf5 Ng4 22.Bg5 Ne5 23.Bxe7 Qxe7 24.f4 Nd3+ 25.cxd3 Qxe2 26.Rxe2+ Kf8 
27.Rh5 Rg1+ 28.Kd2 Kg7 29.Rg5+ Rxg5 30.fxg5 Rh8 31.Rg2 h6 32.gxh6+ Kf6 33.
Rf2+ Ke6 34.Re2+ Kd5 35.Rf2 Rxh6 36.Rxf7 Rxh2+ 37.Kc3 a5 38.Rf5+ Kc6 39.b4
axb4+ 40.Kb3 Rd2 41.Rf3 Kc5 42.Rg3 d5 43.Rh3 Kd4 44.Rh4+ Kxd3 45.Rxb4 d4 
46.Rxb5 Re2 47.Rh5 Kd2 48.Kc4 d3 49.Kd4 Rf2 50.Rh1 Kc2 51.b4 d2 52.b5 Rf5 
53.Kc4 Rh5 54.Rg1 Rg5 55.Rh1 d1=R 56.Rxd1 Kxd1 57.b6 Rg8 58.Kc5 1/2-1/2

[Event "36th World U20 ch"]
[Site "Zagan POL"]
[Date "1997.07.27"]
[Round "13.7"]
[White "Dao Thien Hai"]
[Black "Stojanovic, Mihajlo"]
[Result "1/2-1/2"]
[WhiteElo "2525"]
[BlackElo "2470"]
[EventDate "1997.07.14"]
[PlyCount "82"]

1.d4 Nf6 2.c4 e6 3.Nc3 Bb4 4.Qc2 O-O 5.a3 Bxc3+ 6.Qxc3 b6 7.Bg5 Bb7 8.e3 
d6 9.f3 Nbd7 10.Nh3 c5 11.dxc5 bxc5 12.Be2 Qb6 13.Rd1 h6 14.Bh4 d5 15.O-O 
Bc6 16.Bg3 Ba4 17.Rd2 Bb3 18.Rc1 Rfe8 19.Bf1 Rad8 20.Bh4 Rb8 21.Nf2 Rec8 
22.Re1 a5 23.g4 e5 24.cxd5 Nxd5 25.Qc1 N7f6 26.Bc4 a4 27.Bg3 Qc6 28.Bxb3 
axb3 29.Qc4 Nb6 30.Qxb3 c4 31.Qd1 Na4 32.Rc2 Qb7 33.Qe2 c3 34.bxc3 Nxc3 
35.Qd2 Nb1 36.Qc1 Rxc2 37.Qxc2 Nxa3 38.Qd3 Qb2 39.Kf1 Nc2 40.Re2 Rc8 41.
Nd1 Nb4 1/2-1/2

[Event "36th World U20 ch"]
[Site "Zagan POL"]
[Date "1997.07.27"]
[Round "13.14"]
[White "Vajda, Levente"]
[Black "Podkriznik, Gregor"]
[Result "1-0"]
[WhiteElo "2445"]
[BlackElo "2295"]
[EventDate "1997.07.14"]
[PlyCount "101"]

1.e4 c5 2.Nf3 d6 3.c3 Nf6 4.d3 Bg4 5.Nbd2 Nc6 6.h3 Bh5 7.Be2 e6 8.O-O Be7 
9.Re1 d5 10.exd5 Nxd5 11.Nc4 O-O 12.a4 Qc7 13.Ng5 Bg6 14.Ne4 Rad8 15.Qc2 
h6 16.Bf1 Rfe8 17.a5 f5 18.Ned2 e5 19.Qb3 Kh8 20.g3 Rd7 21.Bg2 Red8 22.Nf3
Bf6 23.Qb5 f4 24.Ncd2 Be7 25.Ne4 Nf6 26.gxf4 Rxd3 27.Nxc5 Bxc5 28.Qxc5 Rd1
29.Be3 Rxa1 30.Rxa1 exf4 31.Bd4 Ne4 32.Qc4 Bf7 33.Bxg7+ Kxg7 34.Qxe4 Rg8 
35.Kh1 Kh8 36.a6 b6 37.Nh4 Ne7 38.Re1 Ng6 39.Qd4+ Kh7 40.Be4 Rg7 41.Rg1 
Qc8 42.Kh2 Qe6 43.Nxg6 Bxg6 44.Qxg7+ Kxg7 45.Rxg6+ Qxg6 46.Bxg6 Kxg6 47.
Kg2 Kf5 48.Kf3 Ke5 49.c4 Kf5 50.b4 Ke5 51.c5 1-0

[Event "36th World U20 ch"]
[Site "Zagan POL"]
[Date "1997.07.27"]
[Round "13.15"]
[White "Jirovsky, Petr"]
[Black "Florean, Andrei"]
[Result "1/2-1/2"]
[WhiteElo "2395"]
[BlackElo "2445"]
[EventDate "1997.07.14"]
[PlyCount "65"]

1.e4 c5 2.Nf3 d6 3.d4 cxd4 4.Nxd4 Nf6 5.Nc3 a6 6.Be3 e5 7.Nb3 Be6 8.f3 Be7
9.Qd2 Nbd7 10.g4 O-O 11.O-O-O b5 12.Kb1 b4 13.Nd5 Bxd5 14.exd5 Nb6 15.Bxb6
Qxb6 16.Bd3 a5 17.Be4 Rfc8 18.Qe2 a4 19.Nc1 Ra5 20.f4 exf4 21.Bf3 Bf8 22.
g5 Re8 23.Qc4 Nd7 24.Qxf4 a3 25.b3 Ne5 26.Bg2 Ra7 27.Qd4 Qb8 28.Rhe1 g6 
29.Re4 Rb7 30.Qd2 Bg7 31.Rf1 Nd7 32.Qf4 Ne5 33.Qd2 1/2-1/2

[Event "36th World U20 ch"]
[Site "Zagan POL"]
[Date "1997.07.27"]
[Round "13.16"]
[White "Van den Doel, Erik"]
[Black "Antoniewski, Rafal"]
[Result "1-0"]
[WhiteElo "2440"]
[BlackElo "2405"]
[EventDate "1997.07.14"]
[PlyCount "103"]

1.e4 c5 2.Nf3 e6 3.d4 cxd4 4.Nxd4 Nf6 5.Nc3 d6 6.Be3 a6 7.g4 h6 8.f4 Nc6 
9.h3 Bd7 10.Qf3 Qc7 11.O-O-O Be7 12.h4 Rc8 13.g5 Nh7 14.Bh3 Nf8 15.f5 Ne5 
16.Qg3 Nc4 17.Rd3 Qb6 18.Nb3 Nxe3 19.Rxe3 hxg5 20.hxg5 Rh5 21.f6 gxf6 22.
Nd5 Qd8 23.gxf6 Bxf6 24.Nxf6+ Qxf6 25.Qxd6 Qf2 26.Qd2 Qxd2+ 27.Nxd2 Ng6 
28.Bg2 Rxh1+ 29.Bxh1 Ke7 30.e5 b5 31.b4 Bc6 32.Bxc6 Rxc6 33.Kb2 Rc8 34.Kb3
Rd8 35.Nf3 Rd5 36.c4 bxc4+ 37.Kxc4 Nf8 38.Ra3 Nd7 39.Rxa6 Nxe5+ 40.Nxe5 
Rxe5 41.Ra7+ Ke8 42.b5 Re1 43.a4 f5 44.b6 Rb1 45.b7 Kd8 46.a5 Kc7 47.a6 
Rc1+ 48.Kd3 Rd1+ 49.Ke2 Rd8 50.Ra8 Rb8 51.Ke3 e5 52.Kf3 1-0

[Event "36th World U20 ch"]
[Site "Zagan POL"]
[Date "1997.07.27"]
[Round "13.17"]
[White "Zulfugarli, Mahomed"]
[Black "Kunte, Abhijit"]
[Result "0-1"]
[WhiteElo "2385"]
[BlackElo "2430"]
[EventDate "1997.07.14"]
[PlyCount "116"]

1.e4 c5 2.c3 d5 3.exd5 Qxd5 4.d4 Nf6 5.Nf3 Bg4 6.Nbd2 Nc6 7.Qa4 cxd4 8.Bc4
Qd7 9.cxd4 Rc8 10.Qb3 e6 11.Ne5 Qxd4 12.Nxg4 Nxg4 13.O-O Bc5 14.Nf3 Qd7 
15.Bb5 a6 16.Bxc6 Qxc6 17.h3 Nf6 18.Bg5 Ne4 19.Be3 O-O 20.Ne5 Qd5 21.Qxd5 
exd5 22.Bxc5 Nxc5 23.Rfd1 Rcd8 24.Nf3 Rfe8 25.Rac1 Ne6 26.Nd4 Kf8 27.Kf1 
Rc8 28.Nxe6+ fxe6 29.Ke2 Ke7 30.Ke3 Kd6 31.Kd3 e5 32.Rxc8 Rxc8 33.Re1 Rc4 
34.a3 e4+ 35.Kd2 Ke5 36.Re3 Rc7 37.Rg3 Rf7 38.Ke2 b5 39.Rc3 Kd6 40.Rc8 Ke5
41.Rc6 Rf6 42.Rc7 Rg6 43.g3 d4 44.h4 Kd6 45.Ra7 Kd5 46.h5 Rg5 47.Rxa6 Rxh5
48.a4 Rh2 49.Ke1 Rh1+ 50.Ke2 Rb1 51.axb5 Rxb2+ 52.Ke1 Rxb5 53.Ra7 Kc4 54.
Rxg7 Kd3 55.Kf1 Rb1+ 56.Kg2 Ke2 57.Re7 e3 58.Rd7 Rg1+ 0-1

[Event "36th World U20 ch"]
[Site "Zagan POL"]
[Date "1997.07.27"]
[Round "13.19"]
[White "Socko, Bartosz"]
[Black "Bratanov, Zsivko"]
[Result "1-0"]
[WhiteElo "2435"]
[BlackElo "2355"]
[EventDate "1997.07.14"]
[PlyCount "83"]

1.e4 c5 2.Nf3 Nc6 3.d4 cxd4 4.Nxd4 e5 5.Nb5 d6 6.c4 Be7 7.Be2 Be6 8.O-O 
Nf6 9.N1c3 a6 10.Na3 O-O 11.Be3 Rc8 12.f3 h6 13.Nd5 Nd7 14.Nxe7+ Qxe7 15.
Qd2 Rfd8 16.Rfd1 Nf8 17.Nb1 b5 18.cxb5 axb5 19.Nc3 b4 20.Nd5 Qb7 21.a4 
Bxd5 22.Qxd5 Ne6 23.Bb5 Nf4 24.Bxf4 Qb6+ 25.Kf1 Ne7 26.Qd2 exf4 27.Rac1 b3
28.Rxc8 Rxc8 29.Qxd6 Qe3 30.Qd2 Rc2 31.Qxe3 fxe3 32.Re1 Rf2+ 33.Kg1 Rxb2 
34.Rxe3 Nc8 35.Bc4 Rb1+ 36.Kf2 b2 37.Rb3 Nd6 38.Rb8+ Kh7 39.Ba2 Rc1 40.
Rxb2 Rc5 41.Rd2 f6 42.Be6 1-0

[Event "36th World U20 ch"]
[Site "Zagan POL"]
[Date "1997.07.27"]
[Round "13.20"]
[White "Henni, Mohamed"]
[Black "Malakhatko, Vadym"]
[Result "0-1"]
[WhiteElo "2375"]
[BlackElo "2445"]
[EventDate "1997.07.14"]
[PlyCount "58"]

1.e4 Nf6 2.e5 Nd5 3.d4 d6 4.Nf3 Bg4 5.Be2 c6 6.h3 Bxf3 7.Bxf3 dxe5 8.dxe5 
e6 9.O-O Nd7 10.Qe2 Qc7 11.Re1 Bc5 12.c3 a5 13.Nd2 a4 14.Ne4 Be7 15.Ng3 a3
16.c4 axb2 17.Bxb2 Nf4 18.Qe4 Ng6 19.Bg4 O-O 20.Re2 Rfd8 21.Nh5 Nc5 22.Qc2
Nd3 23.Kh1 Bc5 24.Bc3 Ra3 25.Rd1 Rxc3 26.Qxc3 Nxf2+ 27.Rxf2 Rxd1+ 28.Bxd1 
Bxf2 29.Qd2 Bc5 0-1